Online
Catalog

El notariado y algunas reformas a su ley. (Record no. 2388)

MARC details
000 -CABECERA
campo de control de longitud fija 00463cam a2200157 a 4500
001 - NÚMERO DE CONTROL
campo de control 000002552
005 - FECHA Y HORA DE LA ÚLTIMA TRANSACCIÓN
campo de control 20200929150219.0
008 - DATOS DE LONGITUD FIJA--INFORMACIÓN GENERAL
campo de control de longitud fija 850510s1945 mx 000 0 spa
040 ## - FUENTE DE LA CATALOGACIÓN
Centro catalogador/agencia de origen DO-SdBNP
Lengua de catalogación spa
Centro/agencia transcriptor BNPHU
082 ## - NÚMERO DE LA CLASIFICACIÓN DECIMAL DEWEY
Número de clasificación 347.01682
Número de documento/Ítem S718n
100 1# - ENTRADA PRINCIPAL--NOMBRE DE PERSONA
Nombre de persona [Soto Armenta, Carlos]
9 (RLIN) 8040
245 13 - MENCIÓN DE TÍTULO
Título El notariado y algunas reformas a su ley.
260 ## - PUBLICACIÓN, DISTRIBUCIÓN, ETC.
Lugar de publicación, distribución, etc. México :
Nombre del editor, distribuidor, etc. Escuela Libre de Derecho,
Fecha de publicación, distribución, etc. 1945.
300 ## - DESCRIPCIÓN FÍSICA
Extensión 100 p. ;
Dimensiones 23 cm.
650 #4 - PUNTO DE ACCESO ADICIONAL DE MATERIA--TÉRMINO DE MATERIA
Término de materia o nombre geográfico como elemento de entrada Notarios
Subdivisión geográfica México
9 (RLIN) 8041
Holdings
Estado de retiro Estado de pérdida Restricciones de uso No para préstamo Código de colección Localización permanente Ubicación/localización actual Ubicación en estantería Fecha de adquisición Número de inventario Total de préstamos Signatura topográfica completa Código de barras Fecha visto por última vez Precio válido a partir de Tipo de ítem Koha
        Monografías: Libros y Folletos General General En catalogación 23.03.2010 LF1   347.01682 S718n 2552-10 25.06.2020 25.06.2020 Préstamo en sala

Powered by Koha